00225nam a2200097Ia 4500008004100000041000800041082001000049100001400059245002800073260002600101231212s1978 xx 000 0 und d aeng a604.2 aShor L.A. aThe Kinematic Method in aMascowbMir Pubc1978